| 000 | 01150nam a22002657a 4500 | ||
|---|---|---|---|
| 005 | 20090606151940.0 | ||
| 008 | 090606t xxu||||| |||| 00| 0 eng d | ||
| 010 | _aENG-93935 | ||
| 020 |
_a9788175347403 _c1395.00 |
||
| 035 | _aEN-77468 | ||
| 037 | _bDBAD / PUB | ||
| 040 |
_adpl _bEnglish |
||
| 082 | _a346.54054 | ||
| 100 | _aGopalakrishnan | ||
| 245 |
_aLaw of wills: _bdealing with wills of all communities including exhaustive case law alongwith model forms of wills and relevant statutes / _cby Gopalakrishnan; thoroughly revised by Hari Dev Kohli |
||
| 246 | _aGopalakrishnnan's law of wills | ||
| 250 | _a7th ed. | ||
| 260 |
_aDelhi _bUniversal Law Publishing _c2009 |
||
| 270 |
_aC-FF-1A, Dilkhush Industral Estate, (Opp. Hans Cinema, Azadpur) G.T. Karnal Road, _bDelhi _e110033 |
||
| 300 |
_aclxxix, 1380p. _c23cm(Hb) _eCD-ROM |
||
| 500 | _aIncludes index | ||
| 650 |
_aWills _zIndia |
||
| 942 |
_2ddc _cEN _mGOP _h346.54054 |
||
| 999 |
_c27303 _d27303 |
||